Viete, kde zanechávate digitálne stopy? Všetko podlieha pravidlám
Užívatelia internetu majú oveľa viac pod kontrolou, komu poskytujú svoje dáta. Zároveň bude pri zaobchádzaní s týmito údajmi potrebné oveľa viac dbať na bezpečnosť vo firmách. Tento prínos by malo zabezpečovať uplatňovanie novej smernice GDPR.
Guardado en:
| Formato: | Capítulo de libro |
|---|---|
| Lenguaje: | eslovaco |
| Materias: | |
| Etiquetas: |
Sin Etiquetas, Sea el primero en etiquetar este registro!
|
MARC
| LEADER | 00000naa a2200000 4500 | ||
|---|---|---|---|
| 001 | 0247628 | ||
| 005 | 20180912101602.5 | ||
| 041 | 0 | |a slo | |
| 044 | |a SK | ||
| 245 | 1 | 0 | |a Viete, kde zanechávate digitálne stopy? Všetko podlieha pravidlám |
| 520 | |a Užívatelia internetu majú oveľa viac pod kontrolou, komu poskytujú svoje dáta. Zároveň bude pri zaobchádzaní s týmito údajmi potrebné oveľa viac dbať na bezpečnosť vo firmách. Tento prínos by malo zabezpečovať uplatňovanie novej smernice GDPR. | ||
| 610 | 2 | 0 | |a ochrana dát |
| 610 | 2 | 0 | |a ochrana informácií |
| 610 | 2 | 0 | |a digitalizácia |
| 610 | 2 | 0 | |a internet |
| 610 | 2 | 0 | |a smernice |
| 610 | 2 | 0 | |a Slovensko |
| 610 | 2 | 0 | |a Európska únia |
| 610 | 2 | 0 | |a podnik |
| 610 | 2 | 0 | |a firmy |